Manton Securities Ltd v Nazam (t/a New Dyal Cash & Carry) (Record no. 80872)

MARC details
000 -LEADER
fixed length control field 01511cab a22001935a 4500
001 - CONTROL NUMBER
control field L145558
008 - FIXED-LENGTH DATA ELEMENTS--GENERAL INFORMATION
fixed length control field 081021e20080717xxk f v 000 0 eng d
035 ## - SYSTEM CONTROL NUMBER
System control number (Sirsi) u145558
041 0# - LANGUAGE CODE
Language code of text/sound track or separate title eng
245 00 - TITLE STATEMENT
Title Manton Securities Ltd v Nazam (t/a New Dyal Cash & Carry)
Medium [electronic resource]
260 ## - PUBLICATION, DISTRIBUTION, ETC.
Date of publication, distribution, etc. 2008
520 ## - SUMMARY, ETC.
Summary, etc. [2008] EWCA Civ 805, 17 July 2008. A tenant can have the right to be granted a lease even if it took up the property without the landlord's agreement and was consistently late in paying the rent. In 1997 a cash-and-carry business man (N) moved into retail premises owned by M, but did not take out a formal lease, although he did pay rent. In 2002, M suggested new terms for a 21-year lease if N carried out repairs. A dispute arose around what works had been completed at the tenant's expense and whether the landlord could repossess. In the initial hearing, the judge ordered that N be granted a tenancy, despite his late payment of rent. Held: appeal denied. The Court of Appeal agreed with the first court judge that the tenant could not be evicted and was entitled to a 21-year lease, in spite of his poor payment record.
590 ## - LOCAL NOTE (RLIN)
Local note KA
650 24 - SUBJECT ADDED ENTRY--TOPICAL TERM
Topical term or geographic name entry element MANTON SECURITIES LTD V NAZAM
651 #4 - SUBJECT ADDED ENTRY--GEOGRAPHIC NAME
Geographic name England and Wales
Chronological subdivision 1543-
690 ## - LOCAL SUBJECT ADDED ENTRY--TOPICAL TERM (OCLC, RLIN)
Topical term or geographic name as entry element PROPERTY-COMMERCIAL PROPERTY-LEASEHOLD COMMERCIAL PROPERTY-COMMERCIAL LANDLORD AND TENANT-COMMERCIAL LEASES
856 40 - ELECTRONIC LOCATION AND ACCESS
Uniform Resource Identifier <a href="https://www.bailii.org/ew/cases/EWCA/Civ/2008/805.html">https://www.bailii.org/ew/cases/EWCA/Civ/2008/805.html</a>
Public note View the case free of charge at www.bailii.org...
942 ## - ADDED ENTRY ELEMENTS (KOHA)
Suppress in OPAC 0
Holdings
Withdrawn status Lost status Source of classification or shelving scheme Damaged status Not for loan Home library Current library Shelving location Date acquired Total Checkouts Full call number Barcode Date last seen Copy number Price effective from Koha item type
    Dewey Decimal Classification     Virtual Virtual Online 21/10/2008   ONLINE PUBLICATION 145558-1001 06/08/2019 1 06/08/2019 Law report